Statistiques concernant Pays bordant la mer Noire

Cliquez ici pour prendre le quiz!

Statistiques générales

  • Ce quiz a été pris 1,171 fois
  • Le résultat moyen est 6 sur 6

Statistiques - réponses

Answer % Correct
Turquie
96%
Russie
94%
Ukraine
93%
Roumanie
90%
Bulgarie
90%
Géorgie
87%

Distribution des résultats

Percentile by Number Answered

% des personnes avec chaque résultat

Votre développement - résultats

Vous n’avez pas pris ce quiz